| 000 | 00937cab a2200277 4500 | ||
|---|---|---|---|
| 001 | ABS49353 | ||
| 008 | 090401t1993 xxu||||| |||| 00| 0 eng d | ||
| 035 | _a(Sirsi) u70993 | ||
| 041 | _aeng | ||
| 245 | _aCovenants to repair on freehold properties | ||
| 260 | _c1993 | ||
| 350 | _a0 | ||
| 490 |
_aSolicitors` Journal _v137(36) 24 September 1993, 938(1) |
||
| 520 | _aOffers some solutions for dealing with unenforceable repairing covenants in the light of "Rhone v Stephens" CA 1993. | ||
| 650 | _aACCESS TO NEIGHBOURING LAND ACT 1992 | ||
| 650 | _aAUSTERBERRY V CORPORATION OF OLDHAM | ||
| 650 | _aCONVERSION | ||
| 650 | _aDEED OF COVENANTS | ||
| 650 | _aHALSALL V BRIZELL | ||
| 650 | _aRENTCHARGES ACT 1977 | ||
| 650 | _aREPAIRING COVENANTS | ||
| 650 | _aTITO V WADDELL(NO 2) | ||
| 690 | _aPROPERTY-RESIDENTIAL PROPERTY-RESIDENTIAL LANDLORD AND TENANT-RESIDENTIAL TENANCIES | ||
| 942 | _n0 | ||
| 948 | _c04/03/1997 | ||
| 999 |
_c44729 _d44729 |
||